Statystyki dla Państwa z jednym sąsiadem według dwóch ostatnich liter

Kliknij tutaj aby rozwiązać quiz!

Ogólne statystyki

  • Ten quiz został rozwiązany 256 razy
  • Średni wynik to 12 z 17

Statystyki odpowiedzi

Sąsiadujące państwoKraj% Poprawnych
NiemcyDania
95%
SenegalGambia
95%
Wielka BrytaniaIrlandia
95%
HiszpaniaPortugalia
95%
IrlandiaWielka Brytania
95%
Stany ZjednoczoneKanada
81%
WłochyWatykan
81%
Korea PółnocnaKorea Południowa
74%
HaitiDominikana
73%
WłochySan Marino
69%
Południowa AfrykaLesotho
65%
IndonezjaTimor Wschodni
63%
DominikanaHaiti
62%
FrancjaMonako
57%
Arabia SaudyjskaKatar
50%
MalezjaBrunei
38%
IndonezjaPapua-Nowa Gwinea
11%

Rozkład punktacji

Percentyl według liczby udzielonych odpowiedzi

Procent ludzi z każdym wynikiem

Twoja historia wyników

Nie rozwiązałeś tego quizu